MARC details
| 000 -CABECERA |
| campo de control de longitud fija |
05478nam a2200529Ia 4500 |
| 001 - NÚMERO DE CONTROL |
| campo de control |
dia_6912 |
| 003 - IDENTIFICADOR DEL NÚMERO DE CONTROL |
| campo de control |
CHAP |
| 005 - FECHA Y HORA DE LA ÚLTIMA TRANSACCIÓN |
| campo de control |
20240626145154.0 |
| 007 - CAMPO FIJO DE DESCRIPCIÓN FÍSICA--INFORMACIÓN GENERAL |
| campo de control de longitud fija |
ta |
| 008 - DATOS DE LONGITUD FIJA--INFORMACIÓN GENERAL |
| campo de control de longitud fija |
220117s2018 mx ado frm 001 0 spa d |
| 010 ## - NÚMERO DE CONTROL DE LA BIBLIOTECA DEL CONGRESO |
| Número de control de LC |
178106 |
| 040 ## - FUENTE DE LA CATALOGACIÓN |
| Centro/agencia transcriptor |
CHAP |
| Centro catalogador/agencia de origen |
mxchpua |
| Normas de descripción |
rda |
| 041 0# - CÓDIGO DE LENGUA |
| Código de lengua del texto/banda sonora o título independiente |
spa |
| Código de lengua del sumario o resumen |
eng |
| 090 ## - LOCALMENTE ASIGNADO TIPO-LC NÚMERO DE CLASIFICACIÓN (OCLC); NÚMERO DE CLASIFICACIÓN LOCAL (RLIN) |
| Número de clasificación (OCLC) (R) ; Numero de clasificación, CALL (RLIN) (NR) |
Tesis |
| Número cutter local (OCLC) ; Número de libro/Signatura topográfica íntegra, CALL (RLIN) |
P43 |
| año |
2018 |
| 100 1# - ENTRADA PRINCIPAL--NOMBRE DE PERSONA |
| Nombre de persona |
Pedroza Pedroza, Dulce María |
| 240 10 - TÍTULO UNIFORME |
| Título uniforme |
Physicochemical properties and viscoélastic of emulsions with different fractions of milk fat stabilized with biopolimeric complexes. |
| Lenguaje de la obra |
Español |
| 245 10 - MENCIÓN DE TÍTULO |
| Título |
Propiedades fisicoquímicas y viscoelásticas de emulsiones de distintas fracciones de grasa láctea estabilizadas con complejos biopoliméricos solubles / |
| Mención de responsabilidad, etc. |
Dulce María Pedroza Pedroza |
| 264 ## - PRODUCCIÓN, PUBLICACIÓN, DISTRIBUCIÓN, FABRICACIÓN Y COPYRIGHT |
| Producción, publicación, distribución, fabricación y copyright |
Chapingo, México : |
| Nombre del de productor, editor, distribuidor, fabricante |
El autor, |
| Fecha de producción, publicación, distribución, fabricación o copyright |
2018 |
| 300 ## - DESCRIPCIÓN FÍSICA |
| Extensión |
xii, 87 hojas : |
| Otras características físicas |
ilustraciones, gráficas, diagramas, tablas, fotos + |
| Material acompañante/anejo |
1 CD-ROM |
| 336 ## - TIPO DE CONTENIDO |
| Fuente |
rdacontent |
| Término de tipo de contenido |
texto |
| Código de tipo de contenido |
txt |
| 337 ## - TIPO DE MEDIO |
| Fuente |
rdamedia |
| Nombre/término del tipo de medio |
no mediado |
| Código del tipo de medio |
n |
| 338 ## - TIPO DE SOPORTE |
| Fuente |
rdacarrier |
| Nombre/término del tipo de soporte |
volumen |
| Código del tipo de soporte |
nc |
| 500 ## - NOTA GENERAL |
| Nota general |
El CD contiene reporte y artículo |
| 502 ## - NOTA DE TESIS |
| Nota de tesis |
Tesis |
| Tipo de título |
(Maestro en Ciencias en Ciencia y Tecnología Agroalimentaría) -- |
| Nombre de la institución que otorga el título |
UACh. Departamento de Ingeniería Agroindustrial, |
| Año de obtención del título |
2018 |
| 504 ## - NOTA DE BIBLIOGRAFÍA, ETC. |
| Nota de bibliografía, etc. |
Incluye bibliografías |
| 520 3# - SUMARIO, ETC. |
| Sumario, etc. |
Como estrategia nutricional en la sustitución de grasa, se han utilizado aceites vegetales que pese a tener un perfil con menores ácidos grasos saturados, los atributos sensoriales se han demeritado. Otro inconveniente es que la reducción de lípidos, en algunos alimentos, conlleva a la utilización de polisacáridos, lo que conlleva al aumentando de la respuesta glucémica. Para favorecer un perfil saludable en la grasa láctea y disminuir el uso de polisacáridos, en este trabajo se tuvo como objetivos el utilizar la técnica de fraccionamiento en grasa láctea y obtener 3 fracciones composicionalmente diferentes, las cuales estarán dispersas en una emulsión O/W. utilizando como emulsionantes/estabilizantes complejos solubles formados por la interacción proteína de lactosuero:goma de mezquite (WPH:GM; 10% p/p, pH 3.5, 1:1). Las 3 fracciones obtenidas presentaron puntos de fusión diferenciados con la grasa láctea (18.48 a 39.79 °C). Las emulsiones O/W (?:0.3) no mostraron diferencia significativa (p ? 0.05) para la viscosidad aparente. Fueron estables hasta por 6 días a 5 ± 1 °C con diámetro promedio superficial entre 3.0 a 3.14 ?m en las primeras 24 horas de almacenamiento. La viscosidad no estuvo afectada por el punto de fusión de la fase oleosa más su comportamiento elástico estuvo relacionado con el contenido de ácidos grasos insaturados. La actividad interfacial no se vio afectada por el ordenamiento de la grasa láctea a la que está sujeta a 5 ± 1 °C, incrementado la posibilidad de utilización de este tipo de emulsiones en alimentos congelados. -- |
| 520 3# - SUMARIO, ETC. |
| Sumario, etc. |
Using like nutritional strategy for substitution of fat, has been used vegetal oil. Although contains less saturated fatty acids, the sensorial attributes decreased. Another inconvenient is that utilization of polysaccharides for the reduction of fat, implies an increase in the glycemic response. Trying to favoring a healthy profile in milk fat and diminish the use of polysaccharides, the aim in this work was to use a double dry fractionation process to obtain 3 compositionally different fractions of milk fat, each one will be dispersed in an emulsion O/W. Stability of emulsions was verify using soluble complexes, formed by the interaction of whey protein hidrolysate and mesquite gum (WPH: GM), like interfacial particles for milk fat droplets. The obtained fractions have a different melting point (18.48 to 39.79 °C). The relation WPH: GM for the emulsification of milk fat fractions was 1:1 with pH 3.5 and 10% solids. The viscosity for emulsions O/W (?: 0.3) with different milk fat fractions weren´t significantly different (p ? 0.05). Maintained 6 days of stability at 5 ±1 °C. The superficial mean diameter D(3,2) was between 3.0 and 3.14 ?m in the first 24 hours of storage. The obtained results for viscoelasticity, suggests than the mechanical properties obtained in the emulsions were for the protector effect in the interface by the biopolymer complexes and not for the thermal properties in the fractions. The utilization of soluble complexes stabilize the milk fat fractions, with a mean coalescence rate of 2.45x10-07 for the treatments until the crystallization of milk fat at 5°C . Increasing the possibility of utilization of these emulsions in frozen foods. |
| 650 13 - PUNTO DE ACCESO ADICIONAL DE MATERIA--TÉRMINO DE MATERIA |
| Término de materia o nombre geográfico como elemento de entrada |
Biopolímeros |
| Fuente del encabezamiento o término |
atg |
| 650 13 - PUNTO DE ACCESO ADICIONAL DE MATERIA--TÉRMINO DE MATERIA |
| Término de materia o nombre geográfico como elemento de entrada |
Emulsiones |
| Subdivisión general |
Propiedades fisicoquímicas |
| Fuente del encabezamiento o término |
atg |
| 650 13 - PUNTO DE ACCESO ADICIONAL DE MATERIA--TÉRMINO DE MATERIA |
| Término de materia o nombre geográfico como elemento de entrada |
Emulsiones |
| Subdivisión general |
Viscoelasticidad |
| Fuente del encabezamiento o término |
atg |
| 650 13 - PUNTO DE ACCESO ADICIONAL DE MATERIA--TÉRMINO DE MATERIA |
| Término de materia o nombre geográfico como elemento de entrada |
Evaluación sensorial de los alimentos |
| Fuente del encabezamiento o término |
atg |
| 650 13 - PUNTO DE ACCESO ADICIONAL DE MATERIA--TÉRMINO DE MATERIA |
| Término de materia o nombre geográfico como elemento de entrada |
Grasa láctea |
| Fuente del encabezamiento o término |
atg |
| 650 13 - PUNTO DE ACCESO ADICIONAL DE MATERIA--TÉRMINO DE MATERIA |
| Término de materia o nombre geográfico como elemento de entrada |
Biopolymers |
| Fuente del encabezamiento o término |
atg |
| 650 13 - PUNTO DE ACCESO ADICIONAL DE MATERIA--TÉRMINO DE MATERIA |
| Término de materia o nombre geográfico como elemento de entrada |
Emulsions |
| Subdivisión general |
Physicochemical properties |
| Fuente del encabezamiento o término |
atg |
| 650 13 - PUNTO DE ACCESO ADICIONAL DE MATERIA--TÉRMINO DE MATERIA |
| Término de materia o nombre geográfico como elemento de entrada |
Emulsions |
| Subdivisión general |
Viscoelasticity |
| Fuente del encabezamiento o término |
atg |
| 650 13 - PUNTO DE ACCESO ADICIONAL DE MATERIA--TÉRMINO DE MATERIA |
| Término de materia o nombre geográfico como elemento de entrada |
Milk fat |
| Fuente del encabezamiento o término |
atg |
| 650 13 - PUNTO DE ACCESO ADICIONAL DE MATERIA--TÉRMINO DE MATERIA |
| Término de materia o nombre geográfico como elemento de entrada |
Sensory evaluation |
| Fuente del encabezamiento o término |
atg |
| 700 1# - PUNTO DE ACCESO ADICIONAL--NOMBRE DE PERSONA |
| Nombre de persona |
Hernández Rodríguez, Landy |
| Término indicativo de función/relación |
asesora |
| 700 1# - PUNTO DE ACCESO ADICIONAL--NOMBRE DE PERSONA |
| Nombre de persona |
Lobato Calleros, Consuelo Silvia Olivia |
| Término indicativo de función/relación |
directora |
| 700 1# - PUNTO DE ACCESO ADICIONAL--NOMBRE DE PERSONA |
| Nombre de persona |
Sandoval Castilla, Ofelia |
| Término indicativo de función/relación |
asesora |
| 856 41 - LOCALIZACIÓN Y ACCESO ELECTRÓNICOS |
| Identificador Uniforme del Recurso |
<a href="http://10.13.5.2/tesis/sist114736.pdf">http://10.13.5.2/tesis/sist114736.pdf</a> |
| Texto de enlace |
DESCARGAR PDF |
| 901 ## - ELEMENTOS DE DATOS A LOCAL LDA (RLIN) |
| a |
TESIS P43 2018 |
| 942 ## - ELEMENTOS DE PUNTO DE ACCESO ADICIONAL (KOHA) |
| Tipo de ítem Koha |
TESIS |
| Fuente del sistema de clasificación o colocación |
Clasificación Universidad Autónoma Chapingo |
| 902 ## - ELEMENTOS DE DATOS B LOCAL, LDB (RLIN) |
| a |
M |
| 905 ## - ELEMENTOS DE DATOS E LOCAL, LDE (RLIN) |
| a |
5232272018 mx nmdl8223123322spa16 |